| 000 | 00824nam a2200277Ia 4500 | ||
|---|---|---|---|
| 001 | G6499 | ||
| 003 | IT-RoPAU | ||
| 008 | 130308s9999 xx 000 0 und d | ||
| 040 | _aIT-RoPAU | ||
| 040 | _cIT-RoPAU | ||
| 041 | _aITALIANO | ||
| 100 | _aGiuntini Sergio | ||
| 100 | _gCodice Aut. SPICS: 49017 | ||
| 245 | _aGiornali e letteratura sportiva nel ventennio: sviluppo e tendenze | ||
| 245 | _bEditori e Lettori. La Produzione libraria in Italia nella Prima Meta' del Novecento | ||
| 250 | _a1a ed. | ||
| 260 | _aMILANO | ||
| 260 | _bAngeli Franco | ||
| 260 | _c2000 [1° Ed.:2000 - Ed.Ling.Originale:2000] | ||
| 300 | _a"18 p. (prefazione: no ; testo: 18 [pagine: 149-166])" | ||
| 650 | _aINDUSTRIA DELL'EDITORIA | ||
| 650 | _eCodice materia Spics: 6606 | ||
| 942 | _cBK | ||
| 957 | _71 | ||
| 999 |
_c82676 _d82676 |
||
| 999 | _g1 | ||